000 00899nas a2200277 4500
001 BR2011007196
003 BR-BrBNA
005 20231205115734.0
007 ta
008 230509b bl.|||p| |||| 00| 00por d
040 _aBR-BrBNA
_bpor
_cBiblioteca Nacional de Agricultura
041 _a(Pt)
072 _aL74
100 1 _aPinto, V.S.
100 1 _aCunha, O.
100 1 _aGuirro, E.C.B.P.
100 1 _aPagliosa, G.M.
245 1 _aPersistência do arco aórtico direito com ducto arterioso patente em um cão - relato de um caso
650 _aCÃO
650 _aCORAÇÃO
650 _aDISTÚRBIO
650 _aARTÉRIA
773 0 _tMEDVEP. Revista Científica de Medicina Veterinária. Pequenos Animais e Aniamis de Estimação (Brazil)
_xISSN 1678-1430
_g(Oct-Dec 2009), v. 7(23) p. 511-514
_wBR2011007196
909 _a202311
_bLúcia
_c55
_dLúcia Elande
942 _2AGRIS
_n0
_cANA
999 _c215462
_d215462